| Tag |
First Indicator |
Second Indicator |
Subfields |
| LEADER |
00000cam a2200000 4500 |
| 001 |
in00000032513 |
| 005 |
20151007061801.0 |
| 008 |
720403s1961 nyu 00010ceng u |
| 010 |
|
|
|a 61009852
|
| 035 |
|
|
|a (OCoLC)00274481
|
| 035 |
|
|
|9 AAD3062AM
|
| 040 |
|
|
|c WSU
|d TXA
|d UtOrBLW
|
| 049 |
|
|
|a TXAM
|c [337350]
|
| 050 |
|
0 |
|a PS2124
|b .H66
|
| 092 |
|
|
|a 818
|b J27Yh
|
| 100 |
1 |
|
|a Howells, William Dean,
|d 1837-1920.
|
| 245 |
1 |
0 |
|a Discovery of a genius :
|b William Dean Howells and Henry James /
|c Compiled and edited by Albert Mordell. Introd. by Sylvia E. Bowman.
|
| 264 |
|
1 |
|a New York :
|b Twayne Publishers,
|c [1961]
|
| 300 |
|
|
|a 207 pages ;
|c 22 cm.
|
| 336 |
|
|
|a text
|b txt
|2 rdacontent
|
| 337 |
|
|
|a unmediated
|b n
|2 rdamedia
|
| 338 |
|
|
|a volume
|b nc
|2 rdacarrier
|
| 600 |
1 |
0 |
|a James, Henry,
|d 1843-1916.
|
| 700 |
1 |
|
|a Mordell, Albert,
|d 1885-1965.
|
| 999 |
|
|
|a MARS
|
| 999 |
f |
f |
|s e1fc4bde-8206-3549-8bf3-51522b00d4be
|i 52b74555-4bd6-3963-930e-09b2bb2a6a2b
|t 0
|
| 952 |
f |
f |
|p ric
|a Texas A&M University
|b Rellis Campus
|c Joint Library Facility
|d Remote Storage
|t 0
|e PS2124 .H66
|h Library of Congress classification
|i unmediated -- volume
|m A14801264515
|
| 998 |
f |
f |
|a PS2124 .H66
|t 0
|l Remote Storage
|